[Event "Hradec Kralove Region-chT 2223"]
[Site "Czech Republic"]
[Date "2023.02.12"]
[Round "8.5"]
[White "Nemec, Otakar"]
[Black "Prouza, Pavel"]
[Result "1/2-1/2"]
[WhiteElo "1838"]
[BlackElo "1879"]
[PlyCount "90"]
[EventDate "2022.10.09"]
[EventType "team-tourn"]
[EventRounds "11"]
[EventCountry "CZE"]
[SourceTitle "EXT 2024"]
[Source "ChessBase"]
[SourceDate "2023.10.10"]
[SourceVersion "1"]
[SourceVersionDate "2023.10.10"]
[SourceQuality "1"]

1. e4 c5 2. c3 d5 3. exd5 Qxd5 4. d4 cxd4 5. cxd4 Nc6 6. Nf3 Bg4 7. Be2 e6 8. Nc3 Bb4 9. 0-0 Bxc3 10. bxc3 Nge7 11. h3 Bh5 12. Ne5 Bxe2 13. Qxe2 Nxe5 14. dxe5 Ng6 15. f4 0-0 16. Be3 Rfc8 17. Rac1 Rc4 18. Bd4 a6 19. Rcd1 Qc6 20. Rd3 Ne7 21. g4 Nd5 22. Rff3 Ra4 23. f5 Qc4 24. fxe6 fxe6 25. Rf2 Rxa2 26. Qxa2 Qxd3 27. Kh2 Rc8 28. Qb3 b5 29. Qa2 Ra8 30. Rd2 Qe4 31. Re2 Qf4+ 32. Kg2 Rf8 33. Rf2 Qe4+ 34. Kg1 Rxf2 35. Kxf2 Qf4+ 36. Kg2 Qe4+ 37. Kf2 h6 38. Qxa6 Qf4+ 39. Kg2 Qd2+ 40. Kg3 Nf4 41. Qxb5 Ne2+ 42. Kf3 Nc1 43. Qe8+ Kh7 44. Qxe6 Qe2+ 45. Kg3 Qd3+ 1/2-1/2

[Event "Hradec Kralove Region-chT 2223"]
[Site "Czech Republic"]
[Date "2023.01.15"]
[Round "6.5"]
[White "Nemec, Otakar"]
[Black "Pinkava, Josef"]
[Result "1/2-1/2"]
[WhiteElo "1813"]
[BlackElo "1869"]
[PlyCount "98"]
[EventDate "2022.10.09"]
[EventType "team-tourn"]
[EventRounds "11"]
[EventCountry "CZE"]
[SourceTitle "EXT 2024"]
[Source "ChessBase"]
[SourceDate "2023.10.10"]
[SourceVersion "1"]
[SourceVersionDate "2023.10.10"]
[SourceQuality "1"]

1. e4 d5 2. exd5 Qxd5 3. Nc3 Qd8 4. Nf3 Bg4 5. d4 e6 6. Be2 c6 7. 0-0 Nf6 8. h3 Bh5 9. Ne5 Bxe2 10. Nxe2 Be7 11. c4 0-0 12. Qc2 Nbd7 13. Nf3 Bd6 14. Bf4 Bxf4 15. Nxf4 Qc7 16. g3 Rfe8 17. Nd3 c5 18. Rfe1 a6 19. Rac1 cxd4 20. Nxd4 e5 21. Nf5 e4 22. Nf4 Ne5 23. Re2 g6 24. Ne3 Nf3+ 25. Kg2 Nd4 26. Qc3 Nxe2 27. Nxe2 Qe5 28. Qc2 Rad8 29. Nf4 Rd7 30. Nfd5 Nxd5 31. cxd5 Kg7 32. Rd1 f5 33. Nc4 Qf6 34. Ne3 h5 35. h4 Kh7 36. Kh2 f4 37. Ng2 fxg3+ 38. fxg3 Qd6 39. Nf4 Rc7 40. Qe2 Re5 41. Kg2 b5 42. Rd2 Rc4 43. Qe3 Rf5 44. b3 Rc7 45. Qxe4 Re7 46. Qd4 Rfe5 47. Ne6 Kg8 48. Qd3 Kh7 49. Qd4 R5xe6 1/2-1/2

[Event "Hradec Kralove op 11th"]
[Site "Hradec Kralove"]
[Date "2022.11.08"]
[Round "5"]
[White "Jiruse, Josef"]
[Black "Nemec, Otakar"]
[Result "1/2-1/2"]
[WhiteElo "1917"]
[BlackElo "1805"]
[PlyCount "82"]
[EventDate "2022.11.05"]
[EventType "swiss"]
[EventRounds "9"]
[EventCountry "CZE"]
[SourceTitle "CBM 211 Extra"]
[Source "ChessBase"]
[SourceDate "2023.01.31"]
[SourceVersion "1"]
[SourceVersionDate "2023.01.31"]
[SourceQuality "1"]

1. e4 c5 2. Nc3 Nc6 3. Bc4 g6 4. d3 Bg7 5. f4 e6 6. Nf3 Nge7 7. Bb3 0-0 8. 0-0 d5 9. e5 a6 10. a4 b6 11. d4 cxd4 12. Nxd4 Nxd4 13. Qxd4 Nc6 14. Qd1 a5 15. Nb5 Ba6 16. c3 Na7 17. c4 dxc4 18. Bxc4 Nxb5 19. axb5 Qc7 20. Qe2 Bc8 21. b3 Rd8 22. Be3 Bf8 23. h4 h5 24. g4 hxg4 25. Qxg4 Bc5 26. Bf2 Bb7 27. h5 Kg7 28. Be2 Rh8 29. Qg3 Rag8 30. Rac1 Kf8 31. Bxc5+ bxc5 32. Qe3 gxh5+ 33. Kf2 Rg2+ 34. Ke1 h4 35. Rxc5 Qd7 36. Bf3 Rg3 37. Qe2 Rhg8 38. Bxb7 Qxb7 39. Rc6 Qd7 40. Rd6 Qc7 41. Rc6 Qd7 1/2-1/2

[Event "Hradec Kralove op 11th"]
[Site "Hradec Kralove"]
[Date "2022.11.08"]
[Round "4"]
[White "Nemec, Otakar"]
[Black "Antoniewicz, Jakub"]
[Result "1/2-1/2"]
[WhiteElo "1805"]
[BlackElo "1945"]
[PlyCount "43"]
[EventDate "2022.11.05"]
[EventType "swiss"]
[EventRounds "9"]
[EventCountry "CZE"]
[SourceTitle "CBM 211 Extra"]
[Source "ChessBase"]
[SourceDate "2023.01.31"]
[SourceVersion "1"]
[SourceVersionDate "2023.01.31"]
[SourceQuality "1"]

1. e4 c5 2. c3 d5 3. exd5 Qxd5 4. d4 Nc6 5. Nf3 Bf5 6. Be3 Nf6 7. Be2 e6 8. dxc5 0-0-0 9. 0-0 Ng4 10. Qxd5 Rxd5 11. Bf4 Bxc5 12. h3 Nf6 13. c4 Rd7 14. Nc3 Rhd8 15. Rad1 Ne4 16. Nxe4 Bxe4 17. Rxd7 Rxd7 18. b3 Nd4 19. Nxd4 Bxd4 20. Rd1 Bb2 21. Rxd7 Kxd7 22. Bd1 1/2-1/2

[Event "Hradec Kralove op 11th"]
[Site "Hradec Kralove"]
[Date "2022.11.06"]
[Round "2"]
[White "Nemec, Otakar"]
[Black "Gorkiewicz, Mateusz"]
[Result "0-1"]
[WhiteElo "1805"]
[BlackElo "2028"]
[PlyCount "90"]
[EventDate "2022.11.05"]
[EventType "swiss"]
[EventRounds "9"]
[EventCountry "CZE"]
[SourceTitle "CBM 211 Extra"]
[Source "ChessBase"]
[SourceDate "2023.01.31"]
[SourceVersion "1"]
[SourceVersionDate "2023.01.31"]
[SourceQuality "1"]

1. e4 e5 2. Nf3 Nc6 3. Bb5 a6 4. Ba4 Nge7 5. 0-0 g6 6. c3 Bg7 7. d3 0-0 8. Nbd2 d6 9. Bb3 Na5 10. Bc2 c5 11. Re1 Nac6 12. h3 b5 13. Nf1 h6 14. Be3 f5 15. a4 b4 16. cxb4 Nxb4 17. Bb3+ Kh7 18. Qe2 Rb8 19. Bc4 f4 20. Bd2 g5 21. Bxb4 Rxb4 22. b3 Nc6 23. Bd5 Na5 24. N3d2 Bb7 25. Bc4 Nc6 26. Nh2 Qe8 27. Qd1 Bc8 28. Bd5 Ne7 29. Bc4 Qg6 30. f3 Nc6 31. Kf2 Nd4 32. Kg1 Rd8 33. Rb1 Bb7 34. Qc1 h5 35. Kf2 Bf6 36. Rh1 Rb8 37. Qc3 Bd8 38. Rb2 Ba5 39. Qc1 Bc8 40. Rb1 R4b6 41. Rd1 g4 42. hxg4 hxg4 43. fxg4 Bxg4 44. Ndf3 Bxf3 45. Nxf3 Qg3+ 0-1

[Event "Hradec Kralove op 11th"]
[Site "Hradec Kralove"]
[Date "2021.11.13"]
[Round "9"]
[White "Nemec, Otakar"]
[Black "Tsifanskaya, Ludmila A"]
[Result "1-0"]
[WhiteElo "1836"]
[BlackElo "1987"]
[PlyCount "99"]
[EventDate "2021.11.06"]
[EventType "swiss"]
[EventRounds "9"]
[EventCountry "CZE"]
[SourceTitle "CBM 205 Extra"]
[Source "ChessBase"]
[SourceDate "2022.01.31"]
[SourceVersion "1"]
[SourceVersionDate "2022.01.31"]
[SourceQuality "1"]

1. e4 c5 2. c3 Nf6 3. e5 Nd5 4. d4 e6 5. Nf3 Nc6 6. Bc4 d6 7. 0-0 Be7 8. Qe2 0-0 9. Qe4 cxd4 10. cxd4 Nb6 11. Bd3 g6 12. Bh6 Re8 13. Nc3 a6 14. h4 Nb4 15. Bb1 N4d5 16. Nxd5 exd5 17. Qf4 Be6 18. Bd3 dxe5 19. dxe5 Nd7 20. Rac1 Nc5 21. Bb1 Ne4 22. a3 Qb6 23. Bxe4 dxe4 24. Nd2 e3 25. Ne4 Rec8 26. fxe3 Qxb2 27. Rb1 Qxa3 28. Rxb7 Rc1 29. Rxc1 Qxc1+ 30. Kh2 Qa3 31. Nd6 Bxd6 32. exd6 Qc3 33. Bg5 h6 34. Bf6 Qc6 35. Rc7 Qb6 36. d7 Bxd7 37. Rxd7 Re8 38. Bd4 Qb8 39. Rxf7 Qxf4+ 40. Rxf4 Re6 41. Rf6 Rxf6 42. Bxf6 a5 43. Kg3 Kf7 44. Bc3 a4 45. Kf4 Ke6 46. Ke4 a3 47. g4 a2 48. h5 gxh5 49. gxh5 Kd6 50. Kf5 1-0

[Event "Hradec Kralove op 11th"]
[Site "Hradec Kralove"]
[Date "2021.11.12"]
[Round "8"]
[White "Zdechovsky, Tobias"]
[Black "Nemec, Otakar"]
[Result "1/2-1/2"]
[WhiteElo "1956"]
[BlackElo "1836"]
[PlyCount "95"]
[EventDate "2021.11.06"]
[EventType "swiss"]
[EventRounds "9"]
[EventCountry "CZE"]
[SourceTitle "CBM 205 Extra"]
[Source "ChessBase"]
[SourceDate "2022.01.31"]
[SourceVersion "1"]
[SourceVersionDate "2022.01.31"]
[SourceQuality "1"]

1. d4 Nf6 2. c4 g6 3. Nc3 d5 4. Nf3 Bg7 5. Bf4 c6 6. e3 0-0 7. Rc1 Bg4 8. h3 Bxf3 9. Qxf3 a6 10. Bd3 e6 11. 0-0 Nbd7 12. Rfd1 Qe7 13. Qe2 Rac8 14. Bg5 Rfe8 15. e4 dxe4 16. Bxe4 h6 17. Bh4 g5 18. Bg3 Nxe4 19. Nxe4 e5 20. dxe5 Bxe5 21. Nd6 Bxd6 22. Qxe7 Rxe7 23. Rxd6 Kg7 24. Rcd1 Nf6 25. f3 Nh5 26. Bf2 Nf4 27. Kf1 Rce8 28. R1d2 Ne6 29. g3 Kh7 30. Bb6 Kg7 31. Ba5 f5 32. Bb4 c5 33. Bc3+ Kf7 34. R2d5 f4 35. g4 Kg8 36. Re5 Kh7 37. Kf2 Kg8 38. b3 Kh7 39. a4 Kg8 40. a5 Kh7 41. Rdd5 Kg8 42. Ke2 Nd4+ 43. Bxd4 cxd4 44. Rxe7 Rxe7+ 45. Kf2 Re3 46. Rxd4 Rxb3 47. Rd7 Rb2+ 48. Ke1 1/2-1/2

[Event "Pardubice Kraj op-G"]
[Site "Pardubice"]
[Date "2020.09.24"]
[Round "6"]
[White "Nemec, Otakar"]
[Black "Kutek, Jiri"]
[Result "1-0"]
[WhiteElo "1841"]
[BlackElo "1438"]
[PlyCount "149"]
[EventDate "2020.09.23"]
[EventType "swiss (rapid)"]
[EventRounds "9"]
[EventCountry "CZE"]
[SourceTitle "CBM 198 Extra"]
[Source "ChessBase"]
[SourceDate "2020.11.30"]
[SourceVersion "1"]
[SourceVersionDate "2020.11.30"]
[SourceQuality "1"]

1. e4 e5 2. Nf3 Nc6 3. Bb5 d6 4. 0-0 Bd7 5. c3 Nf6 6. Re1 a6 7. Ba4 b5 8. Bc2 Be7 9. h3 0-0 10. d4 exd4 11. cxd4 Qc8 12. Nbd2 Nb4 13. Bb1 c5 14. Nf1 c4 15. a3 Nc6 16. Qc2 g6 17. Bh6 Re8 18. Ng3 Bf8 19. Bg5 Bg7 20. Qd2 h5 21. Bc2 Nh7 22. Bf4 Bf8 23. Rad1 Nd8 24. d5 Nb7 25. e5 Kg7 26. Bh6+ Kg8 27. e6 fxe6 28. Bxg6 Re7 29. Nxh5 e5 30. Bxf8 Qxf8 31. Ng5 Nf6 32. Nxf6+ Qxf6 33. Be4 Rg7 34. h4 Nc5 35. Bc2 Rf8 36. Re3 Qh6 37. g3 Bg4 38. Rde1 Bd7 39. Kg2 Qh5 40. Rh1 Rf6 41. Ne4 Nxe4 42. Bxe4 Bg4 43. f3 Bf5 44. Bxf5 Qxf5 45. Qe2 Rfg6 46. Rh3 Qf6 47. g4 Qf7 48. Qd2 Rh7 49. Re4 Qe7 50. h5 Rg5 51. Qe3 Qg7 52. Kf2 Qf6 53. Rg3 Rhg7 54. Qb6 Kh7 55. Qxa6 Qd8 56. Qxb5 Rc7 57. Rxc4 Rxc4 58. Qxc4 Qa5 59. Qd3+ Kh6 60. Rg1 Qc5+ 61. Kg2 Qb6 62. Qd2 Qb3 63. Rc1 e4 64. Qc3 exf3+ 65. Qxf3 Qxf3+ 66. Kxf3 Rxd5 67. a4 Kg5 68. Rc4 Rd3+ 69. Ke2 Rb3 70. Rc2 Rb4 71. a5 Rxg4 72. h6 Rh4 73. a6 Rxh6 74. a7 Re6+ 75. Kd3 1-0

[Event "Pardubice Kraj op-G"]
[Site "Pardubice"]
[Date "2020.09.24"]
[Round "8"]
[White "Nemec, Otakar"]
[Black "Toman, Jan"]
[Result "0-1"]
[WhiteElo "1841"]
[BlackElo "2038"]
[PlyCount "73"]
[EventDate "2020.09.23"]
[EventType "swiss (rapid)"]
[EventRounds "9"]
[EventCountry "CZE"]
[SourceTitle "CBM 198 Extra"]
[Source "ChessBase"]
[SourceDate "2020.11.30"]
[SourceVersion "1"]
[SourceVersionDate "2020.11.30"]
[SourceQuality "1"]

1. e4 e6 2. d4 d5 3. e5 c5 4. c3 Nc6 5. Nf3 Bd7 6. a3 c4 7. g3 Na5 8. Nbd2 Bc6 9. Bg2 Qd7 10. 0-0 Ba4 11. Qe2 Ne7 12. Re1 Nc8 13. Nf1 Nb6 14. Be3 Be7 15. Bg5 Bf8 16. Rac1 h6 17. Be3 Be7 18. N3d2 0-0-0 19. f4 g6 20. Nf3 Rdg8 21. Kh1 Kb8 22. N1d2 a6 23. Rf1 Bd8 24. h3 g5 25. Nh2 h5 26. Rf2 Nc8 27. fxg5 Bxg5 28. Ndf1 Rh7 29. Bxg5 Rxg5 30. Nf3 Rg8 31. Nh4 Ne7 32. Qf3 Ka7 33. Re1 Nac6 34. Kh2 Ng6 35. Nxg6 Rxg6 36. Re3 Ne7 37. Qe2 0-1

[Event "Pardubice Kraj op-G"]
[Site "Pardubice"]
[Date "2020.09.23"]
[Round "2"]
[White "Nemec, Otakar"]
[Black "Jedlicka, Ales"]
[Result "0-1"]
[WhiteElo "1841"]
[BlackElo "2218"]
[PlyCount "52"]
[EventDate "2020.09.23"]
[EventType "swiss (rapid)"]
[EventRounds "9"]
[EventCountry "CZE"]
[SourceTitle "CBM 198 Extra"]
[Source "ChessBase"]
[SourceDate "2020.11.30"]
[SourceVersion "1"]
[SourceVersionDate "2020.11.30"]
[SourceQuality "1"]

1. e4 c5 2. c3 Nf6 3. e5 Nd5 4. d4 cxd4 5. cxd4 d6 6. Nf3 e6 7. Bc4 Nc6 8. Qe2 Be7 9. 0-0 0-0 10. Bd2 Bd7 11. Nc3 dxe5 12. dxe5 Nb6 13. Bd3 Nb4 14. Be4 Bc6 15. Bxc6 bxc6 16. Ne4 Qd3 17. Qxd3 Nxd3 18. Bc3 Na4 19. Rab1 Rab8 20. b3 Nxc3 21. Nxc3 Rfd8 22. Rbd1 f5 23. exf6 gxf6 24. Rd2 Nf4 25. Rxd8+ Rxd8 26. Rd1 Ne2+ 0-1

[Event "CZE-chT2D 1920"]
[Site "Czech Republic"]
[Date "2020.06.28"]
[Round "11.8"]
[White "Nemec, Otakar"]
[Black "Nosek, Jan"]
[Result "0-1"]
[WhiteElo "1880"]
[BlackElo "1955"]
[PlyCount "76"]
[EventDate "2019.10.13"]
[EventType "team-tourn"]
[EventRounds "11"]
[EventCountry "CZE"]
[SourceTitle "EXT 2024"]
[Source "ChessBase"]
[SourceDate "2023.10.10"]
[SourceVersion "1"]
[SourceVersionDate "2023.10.10"]
[SourceQuality "1"]
[WhiteTeam "Lipa"]
[BlackTeam "Hradec Kralove Slavia"]
[WhiteTeamCountry "CZE"]
[BlackTeamCountry "CZE"]

1. e4 c5 2. c3 d5 3. exd5 Qxd5 4. d4 Nf6 5. Nf3 Bg4 6. Be2 e6 7. 0-0 cxd4 8. cxd4 Nc6 9. Nc3 Qd6 10. Be3 Be7 11. a3 0-0 12. b4 Rac8 13. Rc1 Rfd8 14. Qb3 a5 15. Nb5 Qb8 16. bxa5 Nxa5 17. Qa4 Nc6 18. h3 Bh5 19. Rfd1 Nd5 20. Qb3 Nf4 21. Bxf4 Qxf4 22. Rc2 Na5 23. Qb2 Qe4 24. Rdc1 Rxc2 25. Rxc2 Nc6 26. Rd2 Bf6 27. Nc3 Qf4 28. g3 Qd6 29. Ne4 Qd5 30. Nxf6+ gxf6 31. g4 Bg6 32. Qc3 Na5 33. Rd1 Be4 34. Ne1 Nc6 35. f3 Bg6 36. Bc4 Qd6 37. Kg2 Nxd4 38. Nc2 Bxc2 0-1

[Event "Hradec Kralove op 9th"]
[Site "Hradec Kralove"]
[Date "2018.10.07"]
[Round "9"]
[White "Bartos, Karel"]
[Black "Nemec, Otakar"]
[Result "1-0"]
[WhiteElo "1843"]
[BlackElo "1886"]
[PlyCount "65"]
[EventDate "2018.09.30"]
[EventType "swiss"]
[EventRounds "9"]
[EventCountry "CZE"]
[SourceTitle "CBM 186 Extra"]
[Source "ChessBase"]
[SourceDate "2018.08.24"]
[SourceVersion "1"]
[SourceVersionDate "2018.08.24"]
[SourceQuality "1"]

1. e4 c5 2. c3 d5 3. exd5 Qxd5 4. d4 e6 5. Nf3 Nf6 6. a3 Nc6 7. Be3 cxd4 8. cxd4 Be7 9. Nc3 Qd6 10. Bd3 0-0 11. 0-0 Nd5 12. Ne4 Qd8 13. Qe2 Bd7 14. Rad1 Rc8 15. Bb1 a6 16. Qd3 g6 17. Bh6 Re8 18. Rfe1 Na5 19. Ne5 f5 20. Qg3 Bh4 21. Qf3 Qe7 22. Nc5 Bc6 23. Ba2 Qd6 24. b4 b6 25. Nxc6 Nxc6 26. Nxe6 Nce7 27. Nf4 Red8 28. Nxd5 Nxd5 29. Re5 Kh8 30. Rxd5 Qf6 31. Rxd8+ Rxd8 32. g3 Rxd4 33. Rxd4 1-0

[Event "Hradec Kralove op 8th"]
[Site "Hradec Kralove"]
[Date "2017.10.07"]
[Round "8"]
[White "Nemec, Otakar"]
[Black "Stolyarsky, Yegor"]
[Result "1/2-1/2"]
[WhiteElo "1885"]
[BlackElo "1856"]
[PlyCount "110"]
[EventDate "2017.10.01"]
[EventType "swiss"]
[EventRounds "9"]
[EventCountry "CZE"]
[SourceTitle "CBM 181 Extra"]
[Source "ChessBase"]
[SourceDate "2017.12.12"]
[SourceVersion "1"]
[SourceVersionDate "2017.12.12"]
[SourceQuality "1"]

1. e4 e5 2. Nf3 Nc6 3. Bb5 a6 4. Ba4 Nf6 5. 0-0 Nxe4 6. d4 b5 7. Bb3 d5 8. dxe5 Be6 9. Be3 Be7 10. c3 0-0 11. Nbd2 Nxd2 12. Qxd2 Na5 13. Nd4 Nxb3 14. axb3 c5 15. Nxe6 fxe6 16. f4 Qc7 17. Rfd1 Rad8 18. Rxa6 d4 19. cxd4 cxd4 20. Bf2 Qc8 21. Raa1 d3 22. Rdc1 Qd7 23. Ra7 Qe8 24. Rcc7 Rf7 25. Rc1 Qf8 26. g3 Bb4 27. Rxf7 Kxf7 28. Qe3 Kg8 29. Qf3 d2 30. Rd1 Bc5 31. Qe2 Bxf2+ 32. Qxf2 Qb4 33. Qb6 Qe7 34. Qxb5 Qa7+ 35. Kf1 Qe3 36. Qe2 Qd4 37. Qc4 Qe3 38. Qxe6+ Kh8 39. Qg4 Qe4 40. Kf2 Qd4+ 41. Kg2 Qxb2 42. Qf3 h6 43. Qe2 Qd4 44. e6 Qd5+ 45. Kf2 Qxb3 46. e7 Qb6+ 47. Kf1 Re8 48. Qxd2 Rxe7 49. Qd8+ Qxd8 50. Rxd8+ Kh7 51. Rd6 Ra7 52. Kg2 Ra2+ 53. Kh3 Rb2 54. f5 h5 55. Ra6 Rc2 1/2-1/2

[Event "Pardubice op rapid 28th"]
[Site "Pardubice"]
[Date "2017.07.19"]
[Round "1"]
[White "Nemec, Otakar"]
[Black "Galchenko, Matvey"]
[Result "0-1"]
[WhiteElo "1885"]
[BlackElo "2336"]
[PlyCount "102"]
[EventDate "2017.07.19"]
[EventType "swiss (rapid)"]
[EventRounds "9"]
[EventCountry "CZE"]
[SourceTitle "CBM 179 Extra"]
[Source "ChessBase"]
[SourceDate "2017.08.23"]
[SourceVersion "1"]
[SourceVersionDate "2017.08.23"]
[SourceQuality "1"]

1. e4 e6 2. d4 d5 3. e5 c5 4. c3 Qb6 5. Nf3 Nc6 6. a3 Nh6 7. b4 cxd4 8. cxd4 Nf5 9. Be3 f6 10. exf6 gxf6 11. Nc3 Nxe3 12. fxe3 Bh6 13. Qd3 Ne7 14. Nh4 Bd7 15. Be2 0-0-0 16. 0-0 e5 17. Rac1 Kb8 18. dxe5 Qxe3+ 19. Kh1 Qxd3 20. Bxd3 Bxc1 21. exf6 Bg5 22. fxe7 Bxe7 23. Nf5 Bxf5 24. Rxf5 d4 25. Ne4 Rc8 26. g3 Rhf8 27. Re5 Bf6 28. Rh5 Rc7 29. Kg2 Bh8 30. Nc5 Rff7 31. Be4 Rce7 32. Bd5 Rf8 33. Nxb7 Rxb7 34. Bxb7 Kxb7 35. Rxh7+ Kb6 36. Rd7 Kc6 37. Re7 Kd6 38. Re1 Kd5 39. g4 d3 40. g5 Kd4 41. h4 d2 42. Rd1 Ke3 43. Kg3 Ke2 44. Rxd2+ Kxd2 45. Kg4 Kc3 46. h5 Kb3 47. g6 Kxa3 48. Kg5 Kxb4 49. h6 a5 50. g7 Bxg7 51. hxg7 Ra8 0-1

[Event "Hradec Kralove op 7th"]
[Site "Hradec Kralove"]
[Date "2016.10.02"]
[Round "2"]
[White "Nemec, Otakar"]
[Black "Seddaoui, Yamine"]
[Result "0-1"]
[WhiteElo "1915"]
[BlackElo "2211"]
[PlyCount "90"]
[EventDate "2016.10.01"]
[EventType "swiss"]
[EventRounds "9"]
[EventCountry "CZE"]
[SourceTitle "EXT 2017"]
[Source "ChessBase"]
[SourceDate "2016.10.25"]
[SourceVersion "1"]
[SourceVersionDate "2016.10.25"]
[SourceQuality "1"]

1. e4 e5 2. Nf3 Nc6 3. Bb5 a6 4. Ba4 Nf6 5. 0-0 Nxe4 6. d4 b5 7. Bb3 d5 8. dxe5 Be6 9. Be3 Be7 10. c3 0-0 11. Nbd2 Bg4 12. Bf4 Nc5 13. h3 Bf5 14. Bc2 Nd3 15. Bxd3 Bxd3 16. Re1 d4 17. Ne4 Bxe4 18. Rxe4 dxc3 19. bxc3 Qxd1+ 20. Rxd1 Rad8 21. Rxd8 Nxd8 22. Nd4 c5 23. Nf5 Re8 24. Nxe7+ Rxe7 25. Kf1 f5 26. Re1 Ne6 27. Bc1 Rd7 28. Ke2 Rd5 29. f4 Kf7 30. Rd1 Rxd1 31. Kxd1 Nc7 32. Ke2 Ke6 33. Kd3 Kd5 34. Be3 Ne6 35. Bd2 a5 36. a3 g6 37. Be3 Nf8 38. Bd2 Nd7 39. Be3 Nb6 40. Bd2 Nc4 41. Bc1 a4 42. Ke2 b4 43. cxb4 cxb4 44. e6 Kxe6 45. axb4 a3 0-1

[Event "Hradec Kralove op"]
[Site "Hradec Kralove"]
[Date "2015.10.10"]
[Round "8"]
[White "Nemec, Otakar"]
[Black "Vit, Jakub"]
[Result "1/2-1/2"]
[WhiteElo "1922"]
[BlackElo "1705"]
[PlyCount "38"]
[EventDate "2015.10.04"]
[EventType "swiss"]
[EventRounds "9"]
[EventCountry "CZE"]
[SourceTitle "CBM 168 Extra"]
[Source "ChessBase"]
[SourceDate "2015.10.29"]
[SourceVersion "1"]
[SourceVersionDate "2015.10.29"]
[SourceQuality "1"]

1. e4 c5 2. c3 d5 3. exd5 Qxd5 4. d4 cxd4 5. cxd4 Nf6 6. Nf3 e6 7. Nc3 Qd8 8. Bc4 Be7 9. 0-0 0-0 10. Be3 Nc6 11. a3 b6 12. Rc1 Bb7 13. Qe2 Rc8 14. Rfd1 Nd5 15. Nxd5 exd5 16. Ba2 Bf6 17. Qd2 Re8 18. Re1 Na5 19. Qd3 Rxc1 1/2-1/2

[Event "Nachod op 11th"]
[Site "Nachod"]
[Date "2013.07.06"]
[Round "8"]
[White "Nemec, Otakar"]
[Black "Krticka, Vaclav"]
[Result "1-0"]
[WhiteElo "1884"]
[BlackElo "1661"]
[PlyCount "29"]
[EventDate "2013.06.29"]
[EventType "swiss"]
[EventRounds "9"]
[EventCountry "CZE"]
[SourceTitle "CBM 155 Extra"]
[Source "ChessBase"]
[SourceDate "2013.08.26"]
[SourceVersion "1"]
[SourceVersionDate "2013.08.26"]
[SourceQuality "1"]

1. Nf3 Nc6 2. e4 e5 3. Bb5 a6 4. Ba4 Nf6 5. 0-0 d6 6. Re1 Bg4 7. c3 b5 8. Bc2 Be7 9. d3 0-0 10. Nbd2 Qd7 11. h3 Bxf3 12. Nxf3 a5 13. d4 b4 14. Ba4 d5 15. Nxe5 1-0

[Event "Nachod op 11th"]
[Site "Nachod"]
[Date "2013.07.05"]
[Round "7"]
[White "Vrnata, Jiri"]
[Black "Nemec, Otakar"]
[Result "1-0"]
[WhiteElo "2042"]
[BlackElo "1884"]
[PlyCount "117"]
[EventDate "2013.06.29"]
[EventType "swiss"]
[EventRounds "9"]
[EventCountry "CZE"]
[SourceTitle "CBM 155 Extra"]
[Source "ChessBase"]
[SourceDate "2013.08.26"]
[SourceVersion "1"]
[SourceVersionDate "2013.08.26"]
[SourceQuality "1"]

1. c4 Nf6 2. Nc3 d5 3. cxd5 Nxd5 4. g3 g6 5. Bg2 Nxc3 6. bxc3 Bg7 7. Rb1 0-0 8. Rxb7 Bxb7 9. Bxb7 Nd7 10. Bxa8 Qxa8 11. f3 c5 12. Nh3 Qc6 13. Nf2 Rb8 14. Qc2 e6 15. 0-0 Rb6 16. d3 Ra6 17. Rd1 Qa4 18. Rd2 Qa5 19. Nd1 Rc6 20. Qb2 Qc7 21. Rc2 Nb6 22. Qb5 Nd7 23. Ne3 Rb6 24. Qa5 Qb8 25. Nc4 Rb5 26. Qa3 Ne5 27. Nxe5 Bxe5 28. Kg2 Qb6 29. Be3 Bd6 30. c4 Rb4 31. Bd2 Rb1 32. Bc3 Qc7 33. Rb2 Rxb2 34. Qxb2 e5 35. Qb5 f6 36. a4 Qc8 37. Bd2 Kg7 38. Be3 Kf7 39. a5 a6 40. Qb6 Be7 41. h3 Kg7 42. g4 Kf7 43. h4 h5 44. Kg3 Kg7 45. Bf2 Kf7 46. Qb2 Qc7 47. Qb6 Qc8 48. Be3 Kg7 49. Kh3 Kf7 50. Qb2 Qc7 51. Qc3 Bd8 52. Bd2 Kg7 53. gxh5 gxh5 54. Qc1 Qd7+ 55. Kh2 Bc7 56. Qg1+ Kf7 57. Qxc5 e4+ 58. Kg1 exf3 59. Qxh5+ 1-0

[Event "Nachod op 11th"]
[Site "Nachod"]
[Date "2013.07.04"]
[Round "6"]
[White "Nemec, Otakar"]
[Black "Machan, Jan"]
[Result "0-1"]
[WhiteElo "1884"]
[BlackElo "2169"]
[PlyCount "52"]
[EventDate "2013.06.29"]
[EventType "swiss"]
[EventRounds "9"]
[EventCountry "CZE"]
[SourceTitle "CBM 155 Extra"]
[Source "ChessBase"]
[SourceDate "2013.08.26"]
[SourceVersion "1"]
[SourceVersionDate "2013.08.26"]
[SourceQuality "1"]

1. Nf3 d5 2. g3 Nf6 3. Bg2 c6 4. 0-0 Bf5 5. d3 h6 6. Nbd2 e6 7. Qe1 Be7 8. e4 Bh7 9. Qe2 0-0 10. b3 a5 11. a4 Na6 12. c3 Nc5 13. Ne1 dxe4 14. dxe4 Nfd7 15. Ba3 Na6 16. Bxe7 Qxe7 17. Nd3 Rfd8 18. Rfd1 Nac5 19. Nxc5 Nxc5 20. Rab1 Rd7 21. Nc4 Rxd1+ 22. Rxd1 Nxb3 23. Qc2 Nc5 24. Nb6 Rd8 25. f3 Nxe4 26. fxe4 Qc5+ 0-1

[Event "Nachod op 11th"]
[Site "Nachod"]
[Date "2013.06.29"]
[Round "1"]
[White "Rosko, Lubos"]
[Black "Nemec, Otakar"]
[Result "1-0"]
[WhiteElo "2337"]
[BlackElo "1884"]
[PlyCount "45"]
[EventDate "2013.06.29"]
[EventType "swiss"]
[EventRounds "9"]
[EventCountry "CZE"]
[SourceTitle "CBM 155 Extra"]
[Source "ChessBase"]
[SourceDate "2013.08.26"]
[SourceVersion "1"]
[SourceVersionDate "2013.08.26"]
[SourceQuality "1"]

1. d4 Nf6 2. Nc3 d5 3. Bg5 g6 4. Qd2 Bg7 5. 0-0-0 0-0 6. h4 c6 7. h5 Nxh5 8. Bh6 f5 9. Bxg7 Kxg7 10. Nf3 b5 11. Ne5 Qd6 12. Qg5 h6 13. Qh4 Nd7 14. f4 Nxe5 15. dxe5 Qc5 16. Rd3 Be6 17. e3 Rae8 18. Be2 Bf7 19. g4 fxg4 20. Bxg4 e6 21. Bxh5 gxh5 22. Qf6+ Kh7 23. Rg1 1-0

[Event "Hradec Kralove op"]
[Site "Hradec Kralove"]
[Date "2013.05.21"]
[Round "9"]
[White "Navratil, Jiri"]
[Black "Nemec, Otakar"]
[Result "1/2-1/2"]
[WhiteElo "2083"]
[BlackElo "1866"]
[PlyCount "35"]
[EventDate "2013.05.15"]
[EventType "swiss"]
[EventRounds "9"]
[EventCountry "CZE"]
[SourceTitle "EXT 2014"]
[Source "ChessBase"]
[SourceDate "2013.11.20"]
[SourceVersion "1"]
[SourceVersionDate "2013.11.20"]
[SourceQuality "1"]

1. d4 Nf6 2. Nf3 g6 3. Bf4 Bg7 4. c3 0-0 5. Nbd2 d5 6. h3 b6 7. e3 Bb7 8. Be2 Nbd7 9. Ne5 c5 10. g4 Nxe5 11. Bxe5 Nd7 12. Bxg7 Kxg7 13. f4 f6 14. f5 Re8 15. Qc2 e5 16. dxc5 d4 17. e4 Nxc5 18. Bf3 1/2-1/2